Visualizzazione normale
Vista MARC
- Paganini Nicolò
di Personal Name
Records bibliografici associati: 1
001 - CONTROL NUMBER
- control field: 15887
003 - CONTROL NUMBER IDENTIFIER
- control field: IT-RoPau
005 - DATE AND TIME OF LATEST TRANSACTION
- control field: 20140312165614.0
008 - FIXED-LENGTH DATA ELEMENTS
- fixed length control field: 140312|| aca||aabn | a|a d
040 ## - CATALOGING SOURCE
- Original cataloging agency: IT-RoPau
- Transcribing agency: IT-RoPau
100 ## - HEADING--PERSONAL NAME
- Personal name: Paganini Nicolò
- Dates associated with a name: Codice autore musica SPICS: 8112
- Relator term: Autore musica
- Name of part/section of a work: Carnevale di Venezia - Souvenir d'amour - The House of the Rising Sun - Narcissus - La Paloma
670 ## - SOURCE DATA FOUND
- Source citation: Work cat.: (IT-RoPau)102286: Sciascia Armando 15877, Slalom